000 00884nam a22001937a 4500
008 120831t xxu||||| |||| 00| 0 eng d
020 _a0072960574
050 _aKF889.85.B76
100 _aBrown, Gordon W.
245 _aBusiness law with UCC applications /
_cGordon W. Brown and Paul A. Sukys
250 _a11th ed.
260 _aBoston:
_bMcGraw Hill,
_cc2006.
300 _aix, 970p.
_bill
_c26cm.
500 _aIncludes index.
505 _aContents: Ethics, law, and the judicial system -- Contract law -- Sales and consumer protection -- Property -- Negotiable instruments -- Insurance, secured transactions, and bankruptcy -- Agency and emloyment -- Business organization and regulation -- Emerging trends and issues -- Appendix A: U.S. constitution -- Appendix B: uniform commercial code(abridge)
650 _bBusiness law
700 _aSukys, Paul A.
942 _2lcc
_cBK
999 _c2283
_d9783